| 000 | 00788nam a22002297a 4500 | ||
|---|---|---|---|
| 999 |
_c14847 _d14847 |
||
| 003 | AR-CdUCM | ||
| 008 | 190424b ||||| |||| 00| 0 spa d | ||
| 020 | _a978-607-21-0809-7 | ||
| 040 |
_aMUNICIPALIDAD PROVINCIAL DEL CUSCO _cBIBLIOTECA MUNICIPAL DEL CUSCO |
||
| 082 |
_aPI / 376.1 / _bG91 |
||
| 100 |
_aGuidoux, Valérie _933028 |
||
| 245 | _aLos animales de la sabana / | ||
| 260 |
_aMexico : _bLaroussel, _c2014.. |
||
| 300 |
_a25 paginas ; _bIlustraciones, _c21 cm. _e2 paginas con adhesivos |
||
| 500 | _aTitulo original : Les animaux de la savane | ||
| 650 |
_aAnimales de sabana _933780 |
||
| 650 |
_aJuegos de niños (as) _933781 |
||
| 650 |
_aAprende jugando _933735 |
||
| 650 |
_aAprende acerca de los animales _933782 |
||
| 942 |
_2ddc _cLIBROS |
||
| 945 |
_awnts _d2019-04-24 |
||